书目信息 |
| 题名: |
机械制图
|
|
| 作者: | 严胜利 , 刘胜杰 , 乔治安 主编 | |
| 分册: | ||
| 出版信息: | 西安 西北工业大学出版社 2010.08 |
|
| 页数: | 333页 | |
| 开本: | 26cm | |
| 丛书名: | ||
| 单 册: | ||
| 中图分类: | TH126 | |
| 科图分类: | ||
| 主题词: | 机械制图--ji xie zhi tu | |
| 电子资源: | ||
| ISBN: | 978-7-5612-2871-5 | |
| 000 | 01059nam0 2200277 450 | |
| 001 | 012010446615 | |
| 005 | 20101104184538.75 | |
| 010 | @a978-7-5612-2871-5@dCNY35.80 | |
| 100 | @a20101104d2010 em y0chiy0120 ea | |
| 101 | 0 | @achi |
| 102 | @aCN@b610000 | |
| 105 | @aak a 000yy | |
| 106 | @ar | |
| 200 | 1 | @a机械制图@Aji xie zhi tu@f严胜利, 刘胜杰, 乔治安主编@Fzhu bian yan sheng li,liu sheng jie,qiao zhi an |
| 210 | @a西安@c西北工业大学出版社@d2010.08 | |
| 215 | @a333页@c图@d26cm | |
| 300 | @a全国高职高专机电工程教育“十二五”规划教材 教育部高职高专机电设备技术类教学指导委员会精品课教材 | |
| 320 | @a有书目 (第333页) | |
| 330 | @a本书主要内容包括:制图的基本知识、投影法、立体的投影、截交线和相贯线、组合体视图、轴测图、机件常用的表达方法、标准件和常用件的画法、零件图、装配图和附录。 | |
| 606 | 0 | @a机械制图@Aji xie zhi tu |
| 690 | @aTH126@v4 | |
| 701 | 0 | @a严胜利@Ayan sheng li@4主编 |
| 701 | 0 | @a刘胜杰@Aliu sheng jie@4主编 |
| 701 | 0 | @a乔治安@Aqiao zhi an@4主编 |
| 801 | 0 | @aCN@bQSSK@c20101104 |
| 905 | @b787181-83@dTH126@eY061@f3 | |
| 机械制图/严胜利, 刘胜杰, 乔治安主编.-西安:西北工业大学出版社,2010.08 |
| 333页:图;26cm |
| 全国高职高专机电工程教育“十二五”规划教材 教育部高职高专机电设备技术类教学指导委员会精品课教材 |
| ISBN 978-7-5612-2871-5:CNY35.80 |
| 本书主要内容包括:制图的基本知识、投影法、立体的投影、截交线和相贯线、组合体视图、轴测图、机件常用的表达方法、标准件和常用件的画法、零件图、装配图和附录。 |
| ● |
| 相关链接 |
|
|
|
正题名:机械制图
索取号:TH126/Y061
 
预约/预借
| 序号 | 登录号 | 条形码 | 馆藏地/架位号 | 状态 | 备注 |
| 1 | 787181 | 207871819 | 自科库501/501自科库 36排1列2层/ [索取号:TH126/Y061] | 在馆 | |
| 2 | 787182 | 207871828 | 自科库501/501自科库 36排1列2层/ [索取号:TH126/Y061] | 在馆 | |
| 3 | 787183 | 207871837 | 自科二线504/504自科库 41排1列2层/ [索取号:TH126/Y061] | 在馆 |